Statistics for 115 female viking names

Click here to take the quiz!

General Stats

  • This quiz has been taken 10 times
  • The average score is 4 of 115

Answer Stats

Country originatedLetterMeaningName% Correct
Swedish-ABeautiful GoddessAstrid
50%
Swedish-FPeaceFrida
38%
Norwegian-IFair, BeautifulIngrid
38%
Finnish-EBeautiful, Fairy, Maiden, GoddessElla
25%
Icelandic-EWhole, UniversalEmma
25%
Icelandic-FNoble LadyFreya
25%
Icelandic-FLoveFrigg
25%
Finnish-LBright, BeautifulLena
25%
Swedish-SOf the SwedesSvea
25%
Finnish-ANoble NaturedAada
13%
Norwegian-AGoodAgatha
13%
Danish-AFeeds one's Souls, Lifts the SpiritAlma
13%
Norwegian-ABorn on a SaturdayAma
13%
Swedish-AGraceAnnika
13%
Norwegian-BLittle drop of WaterBrenna
13%
Icelandic-EPeacefulness, MercyEir
13%
Norwegian-ESnowEira
13%
Finnish-ENobleElli
13%
Swedish-EPledged for GodElsa
13%
Norwegian-HBattle WomanHilda
13%
Norwegian-LTo lull a childLulla
13%
Swedish-SThe strong house/daughter of the SunSolveig
13%
Danish-ASun of GodAbellona
0%
Swedish-AChasteAgneta
0%
Norwegian-AHoly, PureAgnetha
0%
Finnish-AThe only OneAino
0%
Norwegian-AGraceAnja
0%
Finnish-AGraceful LightAnnalina
0%
Finnish-ALoving, Young Lady, VirginAnsa
0%
Norwegian-ATree covered MountainAse
0%
Norwegian-AStarAstra
0%
Swedish-AThe Lord is ExaltedAtalie
0%
Icelandic-BSpirit ProtectionBergdis
0%
BirgitteBStrengthBirgit
0%
Swedish-BExalted, Bright, GloriousBirgitta
0%
Norwegian-BFortification BattleBorghild
0%
Icelandic-BArmoured for BattleBrynhild
0%
Finnish-CBelovedCarita
0%
Swedish-CFree ManCarola
0%
Danish-CBlind, Ancient, SixthCilla
0%
Norwegian-CRaven haired, Raven likeCorvina
0%
Icelandic-DNew DayDagny
0%
Swedish-DValleyDahlia
0%
Norwegian-DLaurel Tree, Plant with Bell-shaped flowersDordi
0%
Swedish-EStrongEbba
0%
Swedish-EStrife, WealthEda
0%
Finnish-ELifeEevi
0%
Finnish-EMercifulElea
0%
Norwegian-ESun RayElin
0%
Norwegian-EMy God is an OathElise
0%
Norwegian-EElmEmbla
0%
Finnish-ESole, Ruler, MonarchErica
0%
NorwegianEDesired; or Water, IslandEvelina
0%
Swedish-FLover of HorsesFilippa
0%
Norwegian-GWarGunhild
0%
Icelandic-HHoly, BlessedHelga
0%
Icelandic-HHoly, BlessedHelka
0%
Swedish-HThanksHilfe
0%
Icelandic-HRaven, A thieving person or a Dark haired personHrefna
0%
Swedish-IGuarded by IngInger
0%
Swedish-JJuneJuni
0%
Swedish-KPureKajsa
0%
Icelandic-KPureKari
0%
Swedish-KEach of the TwoKarin
0%
Norwegian-KDear, Beloved, PureKarina
0%
Finnish-KPureKatri
0%
Icelandic-KSpring FountainKelda
0%
Swedish-KFollower of ChristKerstin
0%
Finnish-KGreatest ChampionKindra
0%
Swedish-KClear, Bright, FamousKlara
0%
Icelandic-LPurity and BeautyLili
0%
Swedish-LLime or Linden TreeLinnea
0%
Norwegian-LShelterLiv
0%
Swedish-LFreeLotta
0%
Finnish-LFamous WarriorLovis
0%
Swedish-MHappinessLycka
0%
Swedish-MSplendidMaja
0%
Swedish-MPeaceMalena
0%
Norwegian-MPearlMargareta
0%
Norwegian-MDrop of the Sea, Bitter or BelovedMari
0%
Danish-MFrom the SeaMarna
0%
Swedish-MBattle-MightyMatilda
0%
Danish-MBright or FriendlyMia
0%
Norwegian-MWho resembles GodMikaela
0%
Swedish-MMotherMoa
0%
Danish-MAdvisor or TruthMonika
0%
Norwegian-NDaringNanna
0%
Finnish-NLightNoora
0%
Norwegian-OSuccess and EnduranceOlrun
0%
Norwegian-RBeautifulRandi
0%
Norwegian-RTo bindRebecka
0%
Danish-RRavenRevna
0%
Norwegian-RSecret Lore;MoonRuna
0%
Swedish-SShe who sees everythingSaga
0%
Icelandic-SProtector of HumanitySandey
0%
Swedish-SSafeSelma
0%
Norwegian-SBeautiful VictorySigfridr
0%
Swedish-SVictory/Wisdom/BeautifulSigrid
0%
Icelandic-SHarmSkadi
0%
Norwegian-SFate/Present or happeningSkuld
0%
Norwegian-STemple of the SunSolvi
0%
Norwegian-SAnointed or ChristianStina
0%
Norwegian-SSwan/WarriorSvanhild
0%
Norwegian-SLady/strength of the HouseSylvi
0%
Norwegian-THarvesterTerese
0%
Swedish-TLoyalTrue
0%
Norwegian-TThor's BattleTyra
0%
Swedish-UWill or determinationUlla
0%
Norwegian-UWolfUlva
0%
Norwegian-UFateUrd
0%
Icelandic-VHappening or presentVerdandi
0%
Swedish-VWisdom or KnowledgeViveka
0%
Swedish-WWill helmet or protectionWilma
0%
Norwegian-YFemale WolfYlva
0%
Danish-YShe bearYrsa
0%

Score Distribution

Percentile by Number Answered

Percent of People with Each Score

Your Score History

You have not taken this quiz